|
|
|
|
| LEADER |
00000nam0a2200000 4500 |
| 001 |
314807 |
| 005 |
20260217164805.0 |
| 010 |
|
|
|a 9785911349646
|
| 010 |
|
|
|a 978-5-9903746-7-6
|
| 035 |
|
|
|a (RuTPU)RU\TPU\book\340238
|
| 090 |
|
|
|a 314807
|
| 100 |
|
|
|a 20160219d2014 km y0rusy50 ca
|
| 101 |
0 |
|
|a rus
|
| 102 |
|
|
|a RU
|
| 105 |
|
|
|a a z 001zy
|
| 200 |
1 |
|
|a Солдаты Первой мировой
|e [сборник]
|f авт. предисл. Н. И. Цимбаев
|
| 210 |
|
|
|a Москва
|c Форум
|c Неолит
|d 2014
|
| 215 |
|
|
|a 269 с.
|c ил.
|
| 225 |
1 |
|
|a Первая мировая. Свидетельства
|
| 225 |
1 |
|
|a Федеральная целевая программа "Культура России"
|
| 320 |
|
|
|a Библиогр. в примеч.
|
| 330 |
|
|
|a Документы, собранные здесь под одной обложкой, представляют собой интереснейшее свидетельство своего времени — времени Первой мировой войны. Разные по форме, бесконечно далекие по задачам, которые ставили перед собой их авторы, они вместе с тем объединены общей темой: стремлением показать, каким был и каким должен был быть русский солдат Первой мировой.
|
| 606 |
|
|
|a Первая мировая война 1914-1918
|y Россия
|9 89171
|
| 610 |
1 |
|
|a история
|
| 610 |
1 |
|
|a 20 век
|
| 610 |
1 |
|
|a солдаты
|
| 610 |
1 |
|
|a рядовые
|
| 610 |
1 |
|
|a русские офицеры
|
| 610 |
1 |
|
|a русские войска
|
| 686 |
|
|
|a Т3(2)534
|2 rubbk
|
| 702 |
|
1 |
|a Цимбаев
|b Н. И.
|4 080
|
| 801 |
|
1 |
|a RU
|b 63413507
|c 20160219
|
| 801 |
|
2 |
|a RU
|b 63413507
|c 20160404
|g RCR
|
| 942 |
|
|
|c BK
|